Statistiques concernant Pokémon-Equipes Dresseurs Kalos

Cliquez ici pour prendre le quiz!

Statistiques générales

  • Ce quiz a été pris 111 fois
  • Le résultat moyen est 58 sur 126

Statistiques - réponses

DresseurPokémon% Correct
Blindépique
100%
Amphinobi
93%
Goupelin
93%
Carapuce
86%
Croâporal
86%
Feunnec
86%
SannahGrenousse
86%
Marisson
86%
Roussil
86%
Bulbizarre
79%
Muplodocus
79%
Salamèche
79%
Boguérisse
71%
Dracaufeu
71%
TiernoÉcrapince
71%
Florizarre
71%
Mistigrix
71%
Kalem/SerenaPasserouge
71%
Tortank
71%
Absol
64%
LinoAmagara
64%
Dragmara
64%
Flambusard
64%
Floette Fleur Éternelle
64%
Florges Fleur Orange
64%
Nymphali
64%
Prismillon
64%
Raichu
64%
Rexillius
64%
VioletteArakdo
57%
Colhomard
57%
Flabébé Fleur Orange
57%
NarcisseGamblast
57%
Gardevoir
57%
TrovatoPikachu
57%
Ptyranidur
57%
ThyméoTrousselin
57%
Altaria
50%
Aquali
50%
Brutalibré
50%
Exagide
50%
Golgopathe
50%
DracénaKravarech
50%
Léviator
50%
Maskadra
50%
MalvaNémélios
50%
Psystigri
50%
Pyroli
50%
Voltali
50%
Banshitrouye
43%
UrupBlizzaroi
43%
Bruyverne
43%
Chartor
43%
Chevroum
43%
Drakkarmin
43%
Kungfouine
43%
CornéliaLucario
43%
ValérianneMysdibule
43%
Séracrawl
43%
MyosotisDémolosse
36%
Machopeur
36%
Mélodelfe
36%
M.Mime
36%
Sepiatroce
36%
Staross
36%
Tarinorme
36%
USXerneas
36%
ULYveltal
36%
AstéraCryptéro
29%
Delcatty
29%
Hexagel
29%
Iguolta
29%
Lugulabre
29%
Roigada
29%
Shaofouine
29%
Boustiflor
21%
Cizayox
21%
AmaroCotovol
21%
CyaneÉlecsprint
21%
LemEmolga
21%
Golemastoc
21%
Magnéton
21%
Empiflor
14%
Mackogneur
14%
Magnézone
14%
Professeur Platane | XanthinNostenfer
14%
Ptéra
14%
Roserade
14%
Corboss
7%
Cornèbre
7%
Dimoret
7%
Farfaduvet
7%
AncolieGrahyèna
7%
BrasénieLéopardus
7%
Scalproie
7%
Dracolosse
0%
Drascore
0%
Granbull
0%
EliliMoyade
0%
Persian
0%
Pyrax
0%

Distribution des résultats

Percentile par nombre de réponses

% des personnes avec chaque résultat

Votre développement - résultats

Vous n’avez pas pris ce quiz